| 000 | 00926nam a2200301 i 4500 | ||
|---|---|---|---|
| 001 | 000016297 | ||
| 003 | DO-SdBNP | ||
| 005 | 20250725140219.0 | ||
| 006 | a||||fr|||| 00| 0 | ||
| 007 | ta | ||
| 008 | 100303s1985 dr 000 0 spa d | ||
| 040 |
_aDO-SdBNP _bspa _cBNPHU _drda |
||
| 082 | 4 |
_a113.8 _bI25d _222 |
|
| 100 | 1 |
_aIñiguez, Pablo _918249 |
|
| 245 | 1 | 0 |
_aDialéctica del biocosmos / _cPablo Iñiguez; prólogo Emil Kasse Acta. |
| 260 |
_aSanto Domingo : _bPublicaciones América, _c1985. |
||
| 300 |
_a191 p. ; _c21 cm. |
||
| 336 |
_2rdaconten _atexto _btxt |
||
| 337 |
_2rdamedia _asin medición _bn |
||
| 338 |
_2rdacarrier _avolumen _bnc |
||
| 500 | _aIncluye índice | ||
| 504 | _aBibliografía: páginas 179 - 180 | ||
| 590 | _aInventariado 2023 / MF | ||
| 650 | 0 |
_a Cosmología _91848 |
|
| 650 | 4 |
_aFilosofia de la naturaleza _91849 |
|
| 700 | 1 |
_aKasse Acta, Emil, _eprólogo _922279 |
|
| 942 |
_2ddc _cLBS1 |
||
| 999 |
_c15832 _d15832 |
||